| 000 | 00928nam a22002537a 4500 | ||
|---|---|---|---|
| 005 | 20170225135252.0 | ||
| 008 | 141118s2005 ua o grb f001 0 eng d | ||
| 020 | _a9789774248894 | ||
| 020 | _a9774248899 | ||
| 040 |
_aEG-ScBUE _bara _cEG-ScBUE _dEG-ScBUE |
||
| 043 | _af-ua--- | ||
| 082 | 0 | 4 |
_a302.23450962 _bABU _222 |
| 100 | 1 |
_aAbu-Lughod, Lila _95902 |
|
| 245 | 1 | 0 |
_aDramas of nationhood : _bthe politics of television in Egypt / _cLila Abu-Lughod ; with a foreword by Anthony T. Carter. |
| 260 |
_aCairo : _bThe American University in Cairo Press, _c2005. |
||
| 300 |
_axvii, 319 p. : _bphotographs ; _c23 cm. |
||
| 500 | _aIndex : p. 303-319. | ||
| 504 | _aBibliography : p. 287-302. | ||
| 650 | 7 |
_aTelevision broadcasting _xSocial aspects _zEgypt _2BUEsh _95904 |
|
| 651 | _2BUEsh | ||
| 653 |
_bGGEN _cNovember2014 |
||
| 700 | 1 |
_aCarter, Anthony T. _936597 _eauthor of introduction, etc. |
|
| 942 |
_2ddc _k302.23450962 ABU |
||
| 999 |
_c18646 _d18618 |
||